000 00690nam a2200217Ia 4500
001 12697
003 GE_BSU
008 181216s||||||||xx |||||||||||||| ||und||
040 _cGE_BSU
080 _a634.1:631.526.32
100 _aВеньяминов,А.Н. Исаев,С.И. Заец,В.К. и др.
245 _aСорта плодовых и ягодных культур
245 _cПод.общ.ред.А.Н.Веньяминов
260 _aМосква
260 _bСельхозгиз
260 _c1953
300 _a1007стр.илл.26см.
300 _eТаблицы LXXV
653 _aСорта плодовых и ягодных культур
942 _cBK
999 _c45868
_d45868